| 000 -LEADER | |
|---|---|
| fixed length control field | 00479nam a22001817a 4500 |
| 005 - DATE AND TIME OF LATEST TRANSACTION | |
| control field | 20230128125750.0 |
| 008 - FIXED-LENGTH DATA ELEMENTS--GENERAL INFORMATION | |
| fixed length control field | 200316b xxu||||| |||| 00| 0 eng d |
| 020 ## - INTERNATIONAL STANDARD BOOK NUMBER | |
| ISBN | 9788123908861 |
| 041 ## - LANGUAGE CODE | |
| Language code of text/sound track or separate title | eng |
| 082 ## - DEWEY DECIMAL CLASSIFICATION NUMBER | |
| Classification number | 615.321 |
| Item number | WAL-T |
| 100 ## - MAIN ENTRY--AUTHOR NAME | |
| Personal name | WALLIS, T.E |
| 245 ## - TITLE STATEMENT | |
| Title | TEXTBOOK OF PHARMACOGNOSY |
| 250 ## - EDITION STATEMENT | |
| Edition statement | 5th , 2005 |
| 260 ## - PUBLICATION, DISTRIBUTION, ETC. (IMPRINT) | |
| Place of publication | DELHI |
| Name of publisher | CBS PUBLISHERS AND DISTRIBUTERS |
| Year of publication | 2005 |
| 300 ## - PHYSICAL DESCRIPTION | |
| Number of Pages | 652; XIp. |
| 650 ## - SUBJECT ADDED ENTRY--TOPICAL TERM | |
| Topical Term | PHARMACY |
| General subdivision | B.PHARMA & D.PHARMA |
| 942 ## - ADDED ENTRY ELEMENTS (KOHA) | |
| Koha item type | Books |
| Lost status | Damaged status | Collection code | Home library | Current library | Shelving location | Date acquired | Source of acquisition | Cost, normal purchase price | Serial Enumeration / chronology | Full call number | Accession Number | Koha item type |
|---|---|---|---|---|---|---|---|---|---|---|---|---|
| Reference | JRU Library | JRU Library | SHELF-14-B | 16/03/2020 | PURCHESS | 450.00 | reference copy | 615.321 | 23823 | Books | ||
| PHARMACY | JRU Library | JRU Library | Shelf - 25- C | 16/03/2020 | PURCHESS | 450.00 | 615.321 | 23824 | Books | |||
| PHARMACY | JRU Library | JRU Library | Shelf - 25- C | 16/03/2020 | PURCHESS | 450.00 | 615.321 | 23825 | Books | |||
| PHARMACY | JRU Library | JRU Library | Shelf - 25- C | 16/03/2020 | PURCHESS | 450.00 | 615.321 | 23826 | Books | |||
| PHARMACY | JRU Library | JRU Library | Shelf - 25- C | 18/02/2021 | PURCHES | 595.00 | 615.321 | 25489 | Books | |||
| PHARMACY | JRU Library | JRU Library | Shelf - 25- C | 18/02/2021 | PURCHES | 595.00 | 615.321 | 25490 | Books | |||
| PHARMACY | JRU Library | JRU Library | Shelf - 25- C | 09/02/2022 | PURCHASE | 650.00 | 615.321 | 26015 | Books | |||
| PHARMACY | JRU Library | JRU Library | Shelf - 25- C | 09/02/2022 | PURCHASE | 650.00 | 615.321 | 26016 | Books | |||
| PHARMACY | JRU Library | JRU Library | Shelf - 25- C | 09/02/2022 | PURCHASE | 650.00 | 615.321 | 26017 | Books | |||
| PHARMACY | JRU Library | JRU Library | Shelf - 25- C | 09/02/2022 | PURCHASE | 650.00 | 615.321 | 26018 | Books | |||
| PHARMACY | JRU Library | JRU Library | Shelf - 25- C | 25/02/2022 | PURCHASE | 650.00 | 615.321 | 26659 | Books | |||
| PHARMACY | JRU Library | JRU Library | SHELF-17-C | 25/02/2022 | PURCHASE | 650.00 | 615.321 | 26660 | Books | |||
| PHARMACY | JRU Library | JRU Library | Shelf - 25- C | 25/02/2022 | PURCHASE | 650.00 | 615.321 | 26661 | Books | |||
| PHARMACY | JRU Library | JRU Library | Shelf - 25- C | 25/02/2022 | PURCHASE | 650.00 | 615.321 | 26662 | Books | |||
| PHARMACY | JRU Library | JRU Library | Shelf - 25- C | 20/01/2023 | LOHIA BOOK INTERNATIONAL | 650.00 | 615.321 WAL-T | 27344 | Books |